[Event "Florianopolis op 10th"]
[Site "Florianopolis"]
[Date "2024.01.25"]
[Round "7"]
[White "Vieira, Luana Saddi"]
[Black "Silva, Ezequiel Demetras"]
[Result "0-1"]
[WhiteElo "1501"]
[BlackElo "1793"]
[PlyCount "108"]
[EventDate "2024.01.20"]
[EventType "swiss"]
[EventRounds "10"]
[EventCountry "BRA"]
[SourceTitle "CB05_2024"]
[SourceDate "2024.01.31"]
[SourceVersion "1"]
[SourceVersionDate "2024.01.31"]
[SourceQuality "1"]

1. e4 c5 2. Nf3 d6 3. c3 Nf6 4. Bd3 Nc6 5. h3 e5 6. Bc2 d5 7. Qe2 Be7 8. 0-0 dxe4 9. Bxe4 Nxe4 10. Qxe4 Bf6 11. d3 0-0 12. Be3 Qd6 13. Na3 b6 14. Nc4 Qc7 15. Bg5 Bxg5 16. Nxg5 g6 17. Qh4 f6 18. Ne4 Kg7 19. f4 exf4 20. Rxf4 f5 21. Raf1 Be6 22. Ng5 Bg8 23. Qf2 h6 24. Ne4 Bxc4 25. dxc4 Ne5 26. Qe3 fxe4 27. Rxf8 Rxf8 28. Rxf8 Kxf8 29. Qxh6+ Kg8 30. Qd2 Nd3 31. Qe3 Qf7 32. Qxe4 Qf2+ 33. Kh2 Qf4+ 34. Qxf4 Nxf4 35. b4 Ne2 36. bxc5 bxc5 37. a3 Kf7 38. g4 Kf6 39. h4 Nxc3 40. Kg3 Ne4+ 41. Kf4 Nd6 42. a4 a5 43. h5 g5+ 44. Kf3 Nxc4 45. Ke4 Nb6 46. Kd3 Nxa4 47. Kc4 Nb6+ 48. Kxc5 a4 49. Kb4 Nd5+ 50. Kxa4 Ne3 51. Kb4 Nxg4 52. Kc4 Kf5 53. Kd3 Kf4 54. Ke2 Kg3 0-1

[Event "Florianopolis op 10th"]
[Site "Florianopolis"]
[Date "2024.01.23"]
[Round "5"]
[White "Gruettner, Ralf"]
[Black "Silva, Ezequiel Demetras"]
[Result "1-0"]
[WhiteElo "2071"]
[BlackElo "1793"]
[PlyCount "49"]
[EventDate "2024.01.20"]
[EventType "swiss"]
[EventRounds "10"]
[EventCountry "BRA"]
[SourceTitle "CB05_2024"]
[SourceDate "2024.01.31"]
[SourceVersion "1"]
[SourceVersionDate "2024.01.31"]
[SourceQuality "1"]

1. d4 d5 2. c4 e6 3. Nc3 Be7 4. cxd5 exd5 5. Bf4 c6 6. e3 Nf6 7. Bd3 0-0 8. h3 Nbd7 9. Nf3 Re8 10. 0-0 Nf8 11. Qc2 Ng6 12. Bh2 Bd6 13. Bxd6 Qxd6 14. Rab1 a5 15. a3 Be6 16. Rfc1 Nf8 17. Ne5 N8d7 18. f4 Nf8 19. Qf2 Bc8 20. Rf1 Qe7 21. Rbe1 N6d7 22. e4 Nxe5 23. fxe5 dxe4 24. Nxe4 Be6 25. Nd6 1-0

[Event "Florianopolis op 10th"]
[Site "Florianopolis"]
[Date "2024.01.22"]
[Round "3"]
[White "Santos, Humberto Robson"]
[Black "Silva, Ezequiel Demetras"]
[Result "0-1"]
[WhiteElo "1322"]
[BlackElo "1793"]
[PlyCount "82"]
[EventDate "2024.01.20"]
[EventType "swiss"]
[EventRounds "10"]
[EventCountry "BRA"]
[SourceTitle "CB05_2024"]
[SourceDate "2024.01.31"]
[SourceVersion "1"]
[SourceVersionDate "2024.01.31"]
[SourceQuality "1"]

1. d4 d5 2. Nc3 Nf6 3. Bg5 Bf5 4. e3 c6 5. Bd3 Bg6 6. Nge2 Nbd7 7. Nf4 e5 8. Nxg6 hxg6 9. dxe5 Nxe5 10. Be2 Qc7 11. Bf4 Bd6 12. h3 Rd8 13. Bg5 Rc8 14. Bxf6 gxf6 15. Qd4 Qa5 16. a3 Qc5 17. 0-0-0 Qxd4 18. exd4 Nd7 19. Rhe1 0-0 20. g3 Kg7 21. h4 Rce8 22. h5 Rh8 23. hxg6 fxg6 24. Rh1 Rxh1 25. Rxh1 Nf8 26. Kd2 Ne6 27. Kd3 Bc7 28. Nd1 Nxd4 29. Kxd4 Rxe2 30. Kd3 Re8 31. Ne3 Bb6 32. Rh2 Bxe3 33. fxe3 Rh8 34. Rg2 Kf7 35. Kd4 b6 36. b4 Ke6 37. c3 Rh1 38. c4 Rd1+ 39. Kc3 Rc1+ 40. Rc2 Rxc2+ 41. Kxc2 dxc4 0-1

[Event "Niteroi op 3rd"]
[Site "Niteroi"]
[Date "2023.09.10"]
[Round "9"]
[White "Sedlmayr, David"]
[Black "Silva, Ezequiel Demetras"]
[Result "1-0"]
[WhiteElo "1965"]
[BlackElo "1787"]
[PlyCount "50"]
[EventDate "2023.09.04"]
[EventType "swiss"]
[EventRounds "9"]
[EventCountry "BRA"]
[SourceTitle "EXT 2024"]
[Source "ChessBase"]
[SourceDate "2023.10.10"]
[SourceVersion "1"]
[SourceVersionDate "2023.10.10"]
[SourceQuality "1"]

1. e4 c5 2. Nf3 d6 3. d4 cxd4 4. Nxd4 Nf6 5. Nc3 Nc6 6. f3 e5 7. Nb3 Be6 8. Nd5 Be7 9. Nxe7 Qxe7 10. Bg5 h6 11. Be3 d5 12. Bc5 Qc7 13. Bd3 dxe4 14. fxe4 0-0-0 15. Qf3 Kb8 16. h3 Na5 17. Qf2 Nc6 18. 0-0-0 b6 19. Ba3 Bc8 20. Nd2 Bb7 21. Kb1 Rd7 22. Qg3 Nh5 23. Qg4 g6 24. g3 Nd4 25. Rhf1 Rhd8 1-0

[Event "Florianopolis op 9th"]
[Site "Florianopolis"]
[Date "2023.01.29"]
[Round "10"]
[White "Gomes, Joao Paulo Santos"]
[Black "Silva, Ezequiel Demetras"]
[Result "0-1"]
[WhiteElo "1492"]
[BlackElo "1811"]
[PlyCount "202"]
[EventDate "2023.01.23"]
[EventType "swiss"]
[EventRounds "10"]
[EventCountry "BRA"]
[SourceTitle "CBM 212 Extra"]
[Source "ChessBase"]
[SourceDate "2023.03.31"]
[SourceVersion "1"]
[SourceVersionDate "2023.03.31"]
[SourceQuality "1"]

1. c4 Nf6 2. g3 c6 3. Bg2 d5 4. Nf3 dxc4 5. a4 e6 6. 0-0 Be7 7. Na3 Nbd7 8. Nxc4 0-0 9. Rb1 a5 10. d3 Nd5 11. Bd2 Nb4 12. Be3 b5 13. axb5 cxb5 14. Nce5 Nf6 15. Nd4 Nfd5 16. Bd2 Qe8 17. e4 Nc7 18. Bf4 f6 19. Ng6 e5 20. Nxf8 Bxf8 21. Nxb5 Nxb5 22. Be3 Be6 23. f4 Qd8 24. f5 Bf7 25. d4 Qb6 26. Kh1 exd4 27. Bf4 Re8 28. g4 Bd6 29. Qd2 Bxf4 30. Qxf4 Qd6 31. Qd2 a4 32. g5 fxg5 33. Qxg5 Qf6 34. Qd2 Qd6 35. Bf3 Nc6 36. Rg1 Qf6 37. Rg3 Kh8 38. Qd3 Nd6 39. Rc1 Ne7 40. Rc5 Ng8 41. Rc6 Qe5 42. Rg1 Nxe4 43. Bxe4 Qxe4+ 44. Qxe4 Rxe4 45. Rd6 Bc4 46. Rc1 Bb3 47. Rc8 Rf4 48. Rcd8 Rxf5 49. Rxd4 Rf2 50. Rd2 Rxd2 51. Rxd2 h6 52. Kg2 Nf6 53. Kf3 Kh7 54. h3 Kg6 55. Rg2+ Kf7 56. Rd2 h5 57. Rd4 g5 58. Rd2 Kg6 59. Rd4 Kf5 60. Rb4 Ke5 61. Rb5+ Nd5 62. Rc5 Kd4 63. Rc8 Nf4 64. Rd8+ Kc4 65. Rc8+ Kd3 66. Rc3+ Kd2 67. Ke4 Bc2+ 68. Ke5 Kc1 69. Rg3 Kxb2 70. Rxg5 Nxh3 71. Rxh5 Nf2 72. Ke6 Bb3+ 73. Ke7 Nd3 74. Ra5 Kc3 75. Rxa4 Bxa4 76. Kd6 Kd4 77. Ke6 Bb3+ 78. Kf6 Ke4 79. Kg6 Ne5+ 80. Kf6 Bd5 81. Ke7 Nc4 82. Kf6 Nd6 83. Kg6 Ke5 84. Kg7 Be4 85. Kg8 Kf6 86. Kf8 Nf7 87. Kg8 Bg6 88. Kf8 Bh7 89. Ke8 Ne5 90. Kd8 Ke6 91. Kc7 Nd7 92. Kc6 Bd3 93. Kc7 Be4 94. Kc8 Kd6 95. Kd8 Bg6 96. Kc8 Nc5 97. Kb8 Kc6 98. Ka7 Bf5 99. Kb8 Kb6 100. Ka8 Be6 101. Kb8 Na6+ 0-1

[Event "Florianopolis op 9th"]
[Site "Florianopolis"]
[Date "2023.01.28"]
[Round "9"]
[White "De Oliveira, Gualter Amelio"]
[Black "Silva, Ezequiel Demetras"]
[Result "1-0"]
[WhiteElo "1563"]
[BlackElo "1811"]
[PlyCount "121"]
[EventDate "2023.01.23"]
[EventType "swiss"]
[EventRounds "10"]
[EventCountry "BRA"]
[SourceTitle "CBM 212 Extra"]
[Source "ChessBase"]
[SourceDate "2023.03.31"]
[SourceVersion "1"]
[SourceVersionDate "2023.03.31"]
[SourceQuality "1"]

1. g3 g6 2. d3 Bg7 3. Nf3 e6 4. e4 c5 5. Be3 d6 6. Bg2 Nc6 7. a4 Nge7 8. Qc1 Nd4 9. Nbd2 Nec6 10. Nxd4 Nxd4 11. Nf3 0-0 12. Nxd4 cxd4 13. Bh6 e5 14. h4 Bxh6 15. Qxh6 f6 16. Qd2 Rf7 17. Bf3 Qb6 18. b3 Qc5 19. g4 Rc7 20. Rc1 Qc3 21. Ke2 Qxd2+ 22. Kxd2 Be6 23. c4 dxc3+ 24. Rxc3 Rac8 25. Rhc1 Rxc3 26. Rxc3 Rxc3 27. Kxc3 g5 28. h5 Kf7 29. Be2 Ke7 30. f3 Kd7 31. b4 Kc7 32. d4 exd4+ 33. Kxd4 Bb3 34. a5 Kc6 35. b5+ Kd7 36. Ke3 d5 37. Bd3 h6 38. exd5 Bxd5 39. f4 Kd6 40. fxg5 fxg5 41. Kd4 b6 42. a6 Bf3 43. Bf5 Be2 44. Bc8 Bxb5 45. Ke4 Bd7 46. Bxd7 Kxd7 47. Kf5 b5 48. Kg6 b4 49. Kxh6 b3 50. Kg7 b2 51. h6 b1Q 52. h7 Ke7 53. h8Q Qb2+ 54. Kh7 Qxh8+ 55. Kxh8 Kf6 56. Kh7 Kf7 57. Kh6 Kf6 58. Kh5 Kf7 59. Kxg5 Kg7 60. Kf5 Kf7 61. Ke5 1-0

[Event "Florianopolis op 9th"]
[Site "Florianopolis"]
[Date "2023.01.27"]
[Round "7"]
[White "Silva, Ezequiel Demetras"]
[Black "Souza, Rafael Cabral de"]
[Result "0-1"]
[WhiteElo "1811"]
[BlackElo "2096"]
[PlyCount "116"]
[EventDate "2023.01.23"]
[EventType "swiss"]
[EventRounds "10"]
[EventCountry "BRA"]
[SourceTitle "CBM 212 Extra"]
[Source "ChessBase"]
[SourceDate "2023.03.31"]
[SourceVersion "1"]
[SourceVersionDate "2023.03.31"]
[SourceQuality "1"]

1. e4 c5 2. Nf3 e6 3. c4 a6 4. Nc3 Qc7 5. Be2 Nc6 6. 0-0 Nd4 7. Bd3 g6 8. Nxd4 cxd4 9. Ne2 Bg7 10. b3 Ne7 11. Bb2 Nc6 12. Rc1 0-0 13. f4 Nb4 14. Bb1 d6 15. a3 Nc6 16. g4 f5 17. exf5 exf5 18. gxf5 d3 19. Nc3 Bd4+ 20. Kg2 Bxf5 21. Qf3 Qd7 22. Bxd3 Be6 23. Qg3 Ne7 24. Ba1 Nf5 25. Bxf5 Bxf5 26. Qf3 Rf7 27. Nd5 Bg4 28. Qg3 Bxa1 29. Rxa1 Raf8 30. Rae1 Be6 31. Ne3 d5 32. d3 dxc4 33. dxc4 b5 34. cxb5 axb5 35. h3 Qb7+ 36. Qf3 Qxf3+ 37. Rxf3 Rxf4 38. Rxf4 Rxf4 39. b4 Rh4 40. Rh1 Rd4 41. Rd1 Rh4 42. Rh1 Kg7 43. Kg3 g5 44. Ng2 Rc4 45. Re1 Kf6 46. Re3 h5 47. h4 gxh4+ 48. Kf2 Rc2+ 49. Kg1 h3 50. Nf4 h2+ 51. Kh1 Bg4 52. Ng2 Bd7 53. Kxh2 Bc6 54. Rg3 Rxg2+ 55. Rxg2 Bxg2 56. Kxg2 Ke5 57. Kf3 Kd4 58. Ke2 Kc3 0-1

[Event "Florianopolis op 9th"]
[Site "Florianopolis"]
[Date "2023.01.25"]
[Round "4"]
[White "De Souza, Carlos Alberto"]
[Black "Silva, Ezequiel Demetras"]
[Result "0-1"]
[WhiteElo "1474"]
[BlackElo "1811"]
[PlyCount "96"]
[EventDate "2023.01.23"]
[EventType "swiss"]
[EventRounds "10"]
[EventCountry "BRA"]
[SourceTitle "CBM 212 Extra"]
[Source "ChessBase"]
[SourceDate "2023.03.31"]
[SourceVersion "1"]
[SourceVersionDate "2023.03.31"]
[SourceQuality "1"]

1. e4 c5 2. c4 Nc6 3. Nc3 g6 4. Nf3 Bg7 5. d3 d6 6. Be2 e6 7. 0-0 Nge7 8. Be3 Nd4 9. Qd2 h6 10. Nb5 Nec6 11. Ne1 0-0 12. f4 Nxb5 13. cxb5 Nd4 14. a4 Nb3 15. Qd1 Nxa1 16. Qxa1 a6 17. Qc1 axb5 18. e5 Kh7 19. axb5 b6 20. d4 cxd4 21. Bxd4 dxe5 22. Bxe5 Bxe5 23. fxe5 Qd4+ 24. Kh1 Qxe5 25. Bf3 Ra7 26. Bc6 Qg5 27. Qc4 Bb7 28. Nd3 Bxc6 29. bxc6 Qd5 30. Qc3 Rc7 31. Ne5 f6 32. h3 Qxe5 33. Qxe5 fxe5 34. Rxf8 Kg7 35. Rf2 Rxc6 36. Kg1 b5 37. Kf1 Rc1+ 38. Ke2 Rc2+ 39. Ke3 Rxf2 40. Kxf2 Kf6 41. Ke3 Kf5 42. g4+ Kg5 43. Ke4 Kh4 44. b4 Kxh3 45. Kxe5 Kxg4 46. Kd4 h5 47. Kc5 h4 48. Kxb5 h3 0-1

[Event "Florianopolis op 9th"]
[Site "Florianopolis"]
[Date "2023.01.24"]
[Round "2"]
[White "Volkmann, Andre Jordi"]
[Black "Silva, Ezequiel Demetras"]
[Result "1-0"]
[WhiteElo "2129"]
[BlackElo "1811"]
[PlyCount "99"]
[EventDate "2023.01.23"]
[EventType "swiss"]
[EventRounds "10"]
[EventCountry "BRA"]
[SourceTitle "CBM 212 Extra"]
[Source "ChessBase"]
[SourceDate "2023.03.31"]
[SourceVersion "1"]
[SourceVersionDate "2023.03.31"]
[SourceQuality "1"]

1. b4 e6 2. Bb2 Nf6 3. a3 b6 4. e3 Bb7 5. Nf3 d6 6. d4 Be7 7. Bd3 c5 8. c4 0-0 9. 0-0 Nbd7 10. Nc3 Re8 11. Qc2 d5 12. cxd5 exd5 13. dxc5 bxc5 14. bxc5 Nxc5 15. Bb5 Rf8 16. Rfd1 Bd6 17. Bf1 a6 18. g3 Qc8 19. Bg2 Nce4 20. Nd4 Be5 21. Rac1 Rd8 22. Qb3 Nxc3 23. Bxc3 Qd7 24. Ne2 Bxc3 25. Nxc3 Rab8 26. Rd4 Qf5 27. Rcd1 Ng4 28. Qa2 Nf6 29. Nxd5 Nxd5 30. Bxd5 Bxd5 31. Rxd5 Rxd5 32. Qxd5 Qxd5 33. Rxd5 Kf8 34. Rd6 Ra8 35. e4 Ke7 36. Rb6 Ra7 37. f4 Kd7 38. a4 a5 39. Rb5 Kc6 40. Kf2 Kd6 41. Ke3 g6 42. Kd4 h5 43. Rb6+ Kd7 44. Kd5 Ke7 45. Kc6 Rd7 46. Rb7 Rxb7 47. Kxb7 Kd7 48. Kb6 Kd6 49. Kxa5 Kc5 50. e5 1-0

[Event "Niteroi op 2nd"]
[Site "Niteroi"]
[Date "2022.09.06"]
[Round "8"]
[White "Da Rocha, Joao Batista Jose"]
[Black "Silva, Ezequiel Demetras"]
[Result "1/2-1/2"]
[WhiteElo "1734"]
[BlackElo "1807"]
[PlyCount "116"]
[EventDate "2022.09.01"]
[EventType "swiss"]
[EventRounds "9"]
[EventCountry "BRA"]
[SourceTitle "EXT 2024"]
[Source "ChessBase"]
[SourceDate "2023.10.10"]
[SourceVersion "1"]
[SourceVersionDate "2023.10.10"]
[SourceQuality "1"]

1. d4 d5 2. Nf3 Nf6 3. e3 e6 4. Bd3 c5 5. b3 Nbd7 6. 0-0 Be7 7. Bb2 0-0 8. Nbd2 b6 9. c4 Bb7 10. Rc1 Rc8 11. Bb1 Ne4 12. Nxe4 dxe4 13. Ne5 Nxe5 14. dxe5 Qxd1 15. Rcxd1 Rfd8 16. g3 a6 17. a4 Bc6 18. Rfe1 b5 19. axb5 axb5 20. cxb5 Bd5 21. Bc2 Rb8 22. Ra1 Rxb5 23. Ra7 Kf8 24. Rea1 Rdb8 25. Bc3 Bxb3 26. Bxe4 Bd5 27. Bc2 R5b7 28. Rxb7 Bxb7 29. Rb1 Ke8 30. Be4 Bxe4 31. Rxb8+ Kd7 32. Rb2 Kc7 33. Rd2 h5 34. f4 Bf3 35. h4 Be4 36. Ra2 Kb7 37. Kf2 Bd5 38. Ra1 Be4 39. Ke1 f6 40. exf6 Bxf6 41. Bxf6 gxf6 42. Kd2 Kb6 43. Kc3 Kb5 44. Ra7 Kc6 45. Rf7 f5 46. Rf6 Kd5 47. Rf8 Bf3 48. Rg8 Ke4 49. Kd2 Bg4 50. Rc8 Kf3 51. Rxc5 Kxg3 52. Re5 Kxh4 53. Rxe6 Kg3 54. Rh6 h4 55. e4 fxe4 56. Ke3 h3 57. Kxe4 h2 58. Rxh2 Kxh2 1/2-1/2

[Event "Niteroi op 2nd"]
[Site "Niteroi"]
[Date "2022.09.05"]
[Round "7"]
[White "Silva, Ezequiel Demetras"]
[Black "Morais, Wagner Soares"]
[Result "0-1"]
[WhiteElo "1807"]
[BlackElo "1845"]
[PlyCount "120"]
[EventDate "2022.09.01"]
[EventType "swiss"]
[EventRounds "9"]
[EventCountry "BRA"]
[SourceTitle "CBM 210 Extra"]
[Source "ChessBase"]
[SourceDate "2022.11.30"]
[SourceVersion "1"]
[SourceVersionDate "2022.11.30"]
[SourceQuality "1"]

1. e4 c5 2. Nf3 d6 3. Bb5+ Bd7 4. Bxd7+ Qxd7 5. 0-0 Nc6 6. c4 g6 7. d4 cxd4 8. Nxd4 Bg7 9. Be3 Nf6 10. Nc3 0-0 11. f3 Nxd4 12. Bxd4 Qc6 13. b3 Nd7 14. Nd5 Rfe8 15. Bxg7 Kxg7 16. Qd4+ Kg8 17. Kh1 a5 18. Nc3 Qc5 19. Qxc5 Nxc5 20. Nb5 Rec8 21. Nc3 Kf8 22. Rfd1 f6 23. Rab1 Kf7 24. a4 g5 25. h3 h5 26. Kg1 Rg8 27. Kf2 g4 28. hxg4 hxg4 29. f4 Rh8 30. Rd5 Rh6 31. e5 fxe5 32. fxe5 Rg8 33. Ke3 Re6 34. Ne4 b6 35. Rf1+ Ke8 36. Nxc5 dxc5 37. Rf5 Rh6 38. Rd2 Rgg6 39. Ke4 Rh1 40. Rd3 Re1+ 41. Re3 Rd1 42. Rd3 Re1+ 43. Re3 Rd1 44. Rf4 Rg5 45. Rd3 Re1+ 46. Kd5 Rexe5+ 47. Kc6 Re6+ 48. Kc7 Rf6 49. Rxf6 exf6 50. Kxb6 Re5 51. Kxa5 Re2 52. Rg3 f5 53. Kb5 Re5 54. a5 Kd8 55. Kb6 Kc8 56. a6 Kb8 57. Rd3 Re6+ 58. Kxc5 Rxa6 59. Rd5 g3 60. Rxf5 Ra5+ 0-1

[Event "Niteroi op 2nd"]
[Site "Niteroi"]
[Date "2022.09.04"]
[Round "6"]
[White "Karoly, Carlos Acacio Gomes"]
[Black "Silva, Ezequiel Demetras"]
[Result "1/2-1/2"]
[WhiteElo "1854"]
[BlackElo "1807"]
[PlyCount "82"]
[EventDate "2022.09.01"]
[EventType "swiss"]
[EventRounds "9"]
[EventCountry "BRA"]
[SourceTitle "CBM 210 Extra"]
[Source "ChessBase"]
[SourceDate "2022.11.30"]
[SourceVersion "1"]
[SourceVersionDate "2022.11.30"]
[SourceQuality "1"]

1. e4 c5 2. Nf3 Nc6 3. Bb5 g6 4. 0-0 Bg7 5. c3 Nf6 6. Re1 0-0 7. d4 cxd4 8. cxd4 d5 9. e5 Ne4 10. h3 Qb6 11. Bxc6 bxc6 12. Nc3 Nxc3 13. bxc3 Rb8 14. Ba3 Qc7 15. Qa4 Bh6 16. Bc5 Be6 17. Qxa7 Rb7 18. Qa3 Rfb8 19. Bb4 Qd7 20. Kh2 Bf4+ 21. g3 Bh6 22. Ng1 Rb5 23. Rad1 R8b7 24. Qb2 c5 25. dxc5 Rxc5 26. Rd4 Rc4 27. Red1 Rxd4 28. Rxd4 Bg7 29. Qe2 f6 30. f4 fxe5 31. fxe5 Rc7 32. Nf3 Bh6 33. g4 Rc4 34. Qd3 Kf8 35. Rxc4 dxc4 36. Qxd7 Bxd7 37. Kg3 Be3 38. Nd4 Bxd4 39. cxd4 Bc6 40. g5 Ke8 41. Kf4 e6 1/2-1/2